000 00666nam a22002057a 4500
005 20161205154900.0
010 _aENG-116739
020 _a9788184846096
_c1880.00
035 _aEN-100271
037 _bDBAD/PUB
082 _a344.540411
100 _aPradeep Kumar
245 _aMedical negligence and consumer law /
_cby Pradeep kumar ; foreword by Priti Saxena
260 _aNew Delhi
_bRegal Publications
_c2017
270 _aF-159 Rajouri Garden
_bNew Delhi
_e110027
300 _aviii,210p.:
_c23cm(Hb)
_bill
500 _aIncludes bibliographical references and index
700 _aSaxena, Priti
942 _2ddc
_cEN
_h344.540411
_mPRA
999 _c104964
_d104964